00551nam a22001817a 450000500170000001000250001702000260004203500230006803700130009103700120010408200120011610000160012824500540014426000360019827000620023430000230029650000500031920120326121332.0 aENG-104882 B-489135 a9789380902487c875.00 aEN-88415 B-489135 bDBAD/PUB bKBD/Ven a330.954 aSingh, A.K. aGandhian thoughts of economics /cby A. K. Singh aJaipurbAadi Publicationsc2011 a18, Jain Bhawan, Opp. N.B.C. Shanti NagarbJaipure302006 avi,280p.c22cm(Hb) aIncludes bibliographical references and index